Programming and Problem Solving Through 'C' Language (Record no. 1742)
[ view plain ]
| 000 -LEADER | |
|---|---|
| Fixed length control field | 00396nam a2200157 4500 |
| 003 - CONTROL NUMBER IDENTIFIER | |
| Control field | SEACOMEC |
| 005 - DATE AND TIME OF LATEST TRANSACTION | |
| Control field | 20241004153345.0 |
| 008 - FIXED-LENGTH DATA ELEMENTS--GENERAL INFORMATION | |
| Fixed length control field | 241004b |||||||| |||| 00| 0 eng d |
| 020 ## - INTERNATIONAL STANDARD BOOK NUMBER / ISBN | |
| Price | 185.00 |
| 040 ## - CATALOGING SOURCE | |
| Original cataloging agency | SEACOMEC |
| 082 ## - DEWEY DECIMAL CLASSIFICATION NUMBER | |
| Classification number | 005.133 |
| Book Number | P964 |
| 110 ## - AIN ENTRY--CORPORATE NAME | |
| Corporate name | ITLESL |
| 245 ## - TITLE STATEMENT | |
| Title | Programming and Problem Solving Through 'C' Language |
| Statement of responsibility | / ITLESL |
| 260 ## - IMPRINT | |
| Place of publication | Delhi |
| Name of publisher | Macmillan |
| Date of publication | 2003 |
| 942 ## - ADDED ENTRY ELEMENTS (KOHA) | |
| Koha item type | Books |
| Withdrawn status | Lost status | Source of classification | Damaged status | Not for loan | Home library | Current library | Date acquired | Total Checkouts | Call number | Accession number | Date last seen | Price effective from | Koha item type | Copy number | Checked out | Date checked out |
|---|---|---|---|---|---|---|---|---|---|---|---|---|---|---|---|---|
| Dewey Decimal Classification | SEACOM ENGINEERING COLLEGE | SEACOM ENGINEERING COLLEGE | 26/06/2007 | 005.133 P964 | 7267 | 04/10/2024 | 04/10/2024 | Books | ||||||||
| Dewey Decimal Classification | SEACOM ENGINEERING COLLEGE | SEACOM ENGINEERING COLLEGE | 26/06/2007 | 005.133 P964 | 7268 | 04/10/2024 | 04/10/2024 | Books | 1 | |||||||
| Dewey Decimal Classification | SEACOM ENGINEERING COLLEGE | SEACOM ENGINEERING COLLEGE | 26/06/2007 | 005.133 P964 | 7269 | 04/10/2024 | 04/10/2024 | Books | 2 | |||||||
| Dewey Decimal Classification | SEACOM ENGINEERING COLLEGE | SEACOM ENGINEERING COLLEGE | 26/06/2007 | 1 | 005.133 P964 | 7270 | 11/11/2025 | 04/10/2024 | Books | 3 | 25/11/2025 | 11/11/2025 | ||||
| Dewey Decimal Classification | SEACOM ENGINEERING COLLEGE | SEACOM ENGINEERING COLLEGE | 26/06/2007 | 005.133 P964 | 7271 | 04/10/2024 | 04/10/2024 | Books | 4 |
